| 000 | 00617nam a2200181 i 4500 | ||
|---|---|---|---|
| 001 | 74358 | ||
| 003 | ES-MaACL | ||
| 005 | 20230906172114.0 | ||
| 007 | t| | ||
| 008 | 040917s1922 mx ||||1| spa d | ||
| 100 | 1 |
_aGonzález Obregón, Luis. _958844 |
|
| 245 | 1 | 0 |
_aCuauhtémoc / _cLuis González Obregón. |
| 260 |
_aMéxico : _bPublicaciones de la Secretaría de Relaciones Exteriores, _c[1922?] |
||
| 300 |
_a74 p. ; _c20 cm. |
||
| 600 | 1 | 4 |
_aCuauhtémoc _cEmperador de México _c1495?-1525. _9148644 |
| 651 | 4 |
_aMéxico- _xHistoria- _y1517-1521, Descubrimiento y conquista. _9136484 |
|
| 852 |
_aES-MaACL _j1645-F-6 |
||
| 999 |
_c74358 _d74358 |
||